000 01279nam a22002057a 4500
999 _c63219
_d63219
003 Ge_BSU
005 20250701111319.0
008 250701s2006 ge ||||| |||| 00| 0 geo d
041 _ageo
080 _a81'374.822=353.1=111 დ-45
245 _aდიდი ქართულ-ინგლისური ლექსიკონი = A Comprehensive Georgian-English Dictionary :
_b [2 ტომად]. ტ. 1, ა - ლ /
_cშემდგ.: რუსუდან ამირეჯიბი, შუქია აფრიდონიძე..., დონალდ რეიფილდი (მთ. რედ.) და სხვ..
264 _aლონდონი :
_b გარნეტი,
_c2006.
300 _a852 გვ. ;
_b28 სმ.
653 _aლექსიკონი
700 _aამირეჯიბი, რუსუდან
_eშემდგენელი
_925580
700 _aაფრიდონიძე, შუქია
_eშემდგენელი
_91198
700 _a ბროერსი, ლორენს და სხვ.
_eშემდგენელი
_925582
700 _aრეიფილდი, დონალდ
_eშემდგენელი, მთ. რედაქტორი
_925583
942 _2udc
_cᲬᲘᲒᲜᲘ